How universities promote economic growth / (Record no. 7123)

MARC details
000 -LEADER
fixed length control field 00674cam a22002052 4500
001 - CONTROL NUMBER
control field 0000005919
005 - DATE AND TIME OF LATEST TRANSACTION
control field 20151217152008.0
008 - FIXED-LENGTH DATA ELEMENTS--GENERAL INFORMATION
fixed length control field 070809s xx 000 0 eng d
020 ## - INTERNATIONAL STANDARD BOOK NUMBER
International Standard Book Number 082136751X :
Terms of availability KES 1,100
040 ## - CATALOGING SOURCE
Original cataloging agency KABU
Transcribing agency KABU
050 #0 - LIBRARY OF CONGRESS CALL NUMBER
Classification number LC1085
Item number .H69
245 10 - TITLE STATEMENT
Title How universities promote economic growth /
Statement of responsibility, etc. Shahid Yusuf, Kaoru Nabeshima, eds.
260 ## - PUBLICATION, DISTRIBUTION, ETC. (IMPRINT)
Place of publication, distribution, etc. Washington, DC :
Name of publisher, distributor, etc. The World Bank,
Date of publication, distribution, etc. 2007.
300 ## - PHYSICAL DESCRIPTION
Extent xxiv, 286 p.
650 #0 - SUBJECT ADDED ENTRY--TOPICAL TERM
Topical term or geographic name as entry element Education, Higher
General subdivision Economic aspects.
-- 0000153719
650 #0 - SUBJECT ADDED ENTRY--TOPICAL TERM
Topical term or geographic name as entry element Universities and colleges
General subdivision Economic aspects.
-- 0000157213
908 ## - PUT COMMAND PARAMETER (RLIN)
Put command parameter 070809
950 ## - LOCAL HOLDINGS (RLIN)
-- 1
Holdings
Withdrawn status Lost status Source of classification or shelving scheme Not for loan Home library Current library Date acquired Total Checkouts Full call number Barcode Date last seen Price effective from Koha item type
    Library of Congress Classification   Kabarak, Main Campus Kabarak, Main Campus 17/12/2015   LC1085 .H69 007808 17/12/2015 17/12/2015 General Collection
Designed with assistance from East African Informatics Ltd